000 01185cam a2200313 a 4500
005 20260322212020.0
008 data
010 _a 2007035786
020 _a9781599792576
020 _a1599792575
040 _aDLC
_cDLC
_dDLC
_dBAKER
_dBTCTA
_dUPZ
_dIEF
_dORX
_dDLC
050 0 0 _aRM222.2
_b.R815 2008
082 0 0 _a613.2/5
_222
092 _a613.2 R815 2008
100 1 _aRubin, Jordan.
245 1 0 _aPerfect weight America /
_cJordan Rubin & Bernard E. Bulwer.
250 _a1st ed.
260 _aLake Mary, Fla. :
_bSiloam,
_cc2008.
300 _a358 p. :
_bill. ;
_c25 cm.
504 _aIncludes bibliographical references (p. 335-344) and index.
650 0 _aWeight loss.
650 0 _aHolistic medicine.
700 1 _aBulwer, Bernard E.
856 4 1 _3Table of contents only
_uhttp://www.loc.gov/catdir/toc/ecip0726/2007035786.html
906 _a7
_bcbc
_corignew
_d1
_eecip
_f20
_gy-gencatlg
925 0 _aacquire
_b2 shelf copies
_xpolicy default
955 _ejc02 2007-09-05 to Dewey
_fpv06 2008-02-26 Z-CipVer
_txg22 2010-03-05 copy 2 added
001 data
999 _c450
_d450